Top 20 Biggest Scandinavian Metropolitan Areas - Statistics

General Stats
  • This quiz has been taken 39 times
  • The average score is 13 of 20
Answer Stats
City Population % Correct
Helsinki 1,700,000
100%
Oslo 1,100,000
100%
Stockholm 2,200,000
100%
Copenhagen 2,000,000
95%
Gothenburg 1,000,000
92%
Bergen 400,000
89%
Malmö 700,000
89%
Aarhus 800,000
78%
Trondheim 300,000
78%
Stavanger 300,000
70%
Odense 400,000
65%
Tampere 400,000
65%
Aalborg 500,000
62%
Turku 400,000
59%
Oulu 200,000
57%
Reykjavik 300,000
54%
Helsingborg 300,000
27%
Örebro 200,000
27%
Lahti 200,000
22%
Jyväskylä 200,000
11%
No matching quizzes found
Score Distribution
Percent of People with Each Score
Percentile by Number Answered
Your Score History
You have not taken this quiz